000 00913cam a22002897a 4500
001 15239422
005 20180131033816.0
008 080329s2009 nyua b 001 0 eng d
010 _a 2008272888
020 _a9780073527581 (pbk.)
020 _a0073527580 (pbk.)
035 _a(OCoLC)ocn176922487
040 _aBTCTA
_cBTCTA
_dBAKER
_dKUT
_dDLC
041 _aeng
042 _alccopycat
080 _a363.7 tho
082 0 0 _a363.7 tho
_222
100 _a48
101 _aedu
245 0 0 _aEnvironmental studies /
_cedited by Thomas A. Easton.
246 1 8 _aClassic edition sources :
_benvironmental studies
246 1 _aSources :
_benvironmental studies
504 _aIncludes bibliographical references and index.
906 _a7
_bcbc
_ccopycat
_d2
_encip
_f20
_gy-gencatlg
942 _2ddc
_cBK
999 _c41319
_d41319